000 00818cam a22002294a 4500
020 _a0943875951 (hard : alk. paper)
020 _a094387596X (pbk. : alk. paper)
040 _cDLC
082 0 0 _a307 JUP 2000 C152 Or.
245 0 4 _aThe American planning tradition :
_bculture and policy /
260 _aWashington, D.C. :
_bWoodrow Wilson Centre Press ;
_aBaltimore :
_bJohns Hopkins University Press,
_cc2000.
300 _aix, 328 p. :
_bill. ;
_c26 cm.
650 0 _aCity planning
650 0 _aLand use, Urban
650 0 _aLand use
650 0 _aUrban renewal
700 1 _aFishman, Robert,
856 4 2 _uhttp://www.loc.gov/catdir/bios/jhu051/99050614.html
856 4 2 _uhttp://www.loc.gov/catdir/description/jhu052/99050614.html
856 4 2 _uhttp://www.h-net.org/review/hrev-a0c6p9-aa
942 _cAEDBB
999 _c18736
_d18736